| Tag |
First Indicator |
Second Indicator |
Subfields |
| LEADER |
00000cam a2200000 i 4500 |
| 001 |
in00000043078 |
| 005 |
20151007070834.0 |
| 008 |
770603s1947 ksu b 00010 eng |
| 010 |
|
|
|a 50003956
|
| 035 |
|
|
|a (OCoLC)03012793
|
| 035 |
|
|
|9 AAE4819AM
|
| 040 |
|
|
|a DLC
|c OBE
|d TXA
|d UtOrBLW
|
| 049 |
|
|
|a TXAS
|c [1095430]
|
| 050 |
0 |
0 |
|a F689.V5
|b R3
|
| 082 |
0 |
|
|a 978.119
|
| 090 |
|
|
|a AS36
|b .K3 no. 3
|
| 100 |
1 |
|
|a Raish, Marjorie Gamet.
|
| 245 |
1 |
0 |
|a Victoria, the story of a western Kansas town /
|c by Marjorie Gamet Raish.
|
| 264 |
|
3 |
|a Topeka :
|b Printed by F. Voiland, Jr., state printer,
|c [1947]
|
| 264 |
|
4 |
|c ©1947
|
| 300 |
|
|
|a 83 pages ;
|c 23 cm.
|
| 336 |
|
|
|a text
|b txt
|2 rdacontent
|
| 337 |
|
|
|a unmediated
|b n
|2 rdamedia
|
| 338 |
|
|
|a volume
|b nc
|2 rdacarrier
|
| 490 |
1 |
|
|a Fort Hays Kansas State College studies. General series, no. 12. Language and literature series, no. 3
|
| 490 |
0 |
|
|a Fort Hays Kansas State College bulletin, v. 36, no. 17
|
| 651 |
|
0 |
|a Victoria (Kan.)
|x History.
|
| 830 |
|
0 |
|a Fort Hays Kansas State College studies.
|p Language and literature series ;
|v no. 3.
|
| 830 |
|
0 |
|a Fort Hays Kansas State College studies.
|p General series ;
|v no. 12.
|
| 999 |
|
|
|a MARS
|
| 999 |
f |
f |
|s 65f44308-dc2a-3ddb-a021-7b310ace4633
|i d6699b21-4d47-3fb8-9a81-5b7b1d370399
|t 0
|
| 952 |
f |
f |
|p noncirc
|a Texas A&M University
|b College Station
|c Cushing Memorial Library & Archives
|d Cushing: Dykes (Does not check out)
|t 0
|e AS36 .K3 no. 3
|h Library of Congress classification
|i unmediated -- volume
|m A14851705955
|
| 998 |
f |
f |
|a AS36 .K3 no. 3
|t 0
|l Cushing: Dykes (Does not check out)
|